Every 100,000+ City in Uzbekistan in Order - Statistics

General Stats
  • This quiz has been taken 31 times
    8 since last reset
  • The average score is 14 of 37
Answer Stats
Letter Population City % Correct
F 812,175 Fergana
100%
S 1,184,720 Samarqand
100%
T 3,583,811 Tashkent
100%
A 831,603 Andijan
86%
N 1,291,130 Namangan
86%
N 560,140 Nukus
86%
U 410,136 Urgench
86%
B 315,950 Bukhara
71%
K 336,041 Kokand
71%
Q 373,118 Qarshi
71%
M 304,470 Margilan
43%
N 317,080 Navoi
43%
A 230,108 Angren
29%
J 261,627 Jizzakh
29%
K 142,270 Khiva
29%
T 217,146 Termez
29%
A 174,014 Almalyk
14%
B 120,855 Bekobod
14%
B 119,957 Beruniy
14%
C 125,208 Chartak
14%
C 197,232 Chirchik
14%
C 114,920 Chust
14%
D 104,490 Denau
14%
G 136,502 Guliston
14%
K 101,189 Kasan
14%
K 162,025 Kattakurgan
14%
K 108,281 Keles
14%
K 104,005 Kosonsoy
14%
P 103,395 Parkent
14%
S 205,084 Shahrisabz
14%
S 107,990 Shahrixon
14%
T 137,191 Turtkul
14%
U 111,395 Urgut
14%
U 110,512 Uychi
14%
X 135,575 Xojeli
14%
Y 157,402 Yangiyul
14%
Z 103,884 Zarafshan
14%
No matching quizzes found
Score Distribution
Percent of People with Each Score
Percentile by Number Answered
Your Score History
You have not taken this quiz since the last reset